[Event "World Junior U20 Girls 2018"]
[Site "Gebze"]
[Date "2018.09.10"]
[Round "6"]
[White "Sieber, Fiona"]
[Black "Ghukasyan, Siranush"]
[Result "1/2-1/2"]
[WhiteElo "2277"]
[BlackElo "2205"]
[Annotator "ChessBase"]
[PlyCount "122"]
[EventDate "2018.09.05"]
[EventType "swiss"]
[EventCountry "TUR"]
[SourceTitle "playchess.com"]
[Source "ChessBase"]
[SourceQuality "1"]
[TimeControl "40/5400+30:1800+30"]

1. e4 {[%emt 0:00:30]} e5 {[%emt 0:02:30]} 2. Nf3 {[%emt 0:00:30]} Nc6 {[%emt 0:00:30]} 3. Bb5 {[%emt 0:00:30]} a6 {[%emt 0:00:30]} 4. Ba4 {[%emt 0:00:00]} Nf6 {[%emt 0:00:00]} 5. O-O {[%emt 0:00:00]} Be7 {[%emt 0:00:00]} 6. Re1 {[%emt 0:00:00]} b5 {[%emt 0:00:00]} 7. Bb3 {[%emt 0:00:00]} d6 {[%emt 0:00:00]} 8. c3 {[%emt 0:00:00]} O-O {[%emt 0:00:00]} 9. h3 {[%emt 0:00:00]} Nb8 {[%emt 0:00:00]} 10. d4 {[%emt 0:00:00]} Nbd7 {[%emt 0:00:30]} 11. Nbd2 {[%emt 0:00:00]} Bb7 {[%emt 0:00:30]} 12. Bc2 {[%emt 0:00:30]} Re8 {[%emt 0:00:30]} 13. Nf1 {[%emt 0:00:00]} Bf8 {[%emt 0:00:00]} 14. Ng3 {[%emt 0:00:00]} g6 {[%emt 0:00:00]} 15. a4 {[%emt 0:00:00]} c5 {[%emt 0:00:30]} 16. d5 {[%emt 0:00:00]} c4 {[%emt 0:00:00]} 17. Bg5 {[%emt 0:00:00]} h6 {[%emt 0:02:00]} 18. Be3 {[%emt 0:00:00]} Nc5 {[%emt 0:04:30]} 19. Qd2 {[%emt 0:00:30]} h5 {[%emt 0:00:30]} 20. Bxc5 {[%emt 0:00:30]} dxc5 {[%emt 0:00:00]} 21. Nf1 {[%emt 0:01:30]} Qd6 {[%emt 0:03:00]} 22. Qe3 {[%emt 0:08:30]} Bg7 {[%emt 0:03:30]} 23. N1d2 {[%emt 0:01:30]} Nd7 {[%emt 0:05:30]} 24. Reb1 {[%emt 0:06:30]} Reb8 {[%emt 0:08:30]} 25. b3 {[%emt 0:02:30]} cxb3 {[%emt 0:01:30]} 26. Rxb3 {[%emt 0:01:30]} Qc7 {[%emt 0:25:30]} 27. Rb2 {[%emt 0:25:30]} Qa5 {[%emt 0:22:30]} 28. Rbb1 {[%emt 0:05:30]} Qc7 {[%emt 0:01:30]} 29. Qe1 {[%emt 0:00:30]} bxa4 {[%emt 0:10:33]} 30. Nc4 {[%emt 0:02:30]} Bc8 {[%emt 0:01:51]} 31. Bxa4 {[%emt 0:01:30]} f6 {[%emt 0:05:48]} 32. d6 {[%emt 0:03:30]} Qd8 {[%emt 0:00:37]} 33. Bc6 {[%emt 0:00:30]} Rxb1 {[%emt 0:01:25]} 34. Rxb1 {[%emt 0:01:30]} Rb8 {[%emt 0:00:27]} 35. Bd5+ {[%emt 0:00:30]} Kh7 {[%emt 0:00:31]} 36. Nh4 {[%emt 0:18:30]} Rxb1 {[%emt 0:01:31]} 37. Qxb1 {[%emt 0:00:30]} Qe8 {[%emt 0:00:44]} 38. g3 {[%emt 0:07:15]} Bf8 {[%emt 0:00:20]} 39. Kh2 {[%emt 0:00:53]} Kg7 {[%emt 0:00:36]} 40. f4 {[%emt 0:00:00]} exf4 {[%emt 0:00:51]} 41. gxf4 {[%emt 0:01:52]} Kh7 {[%emt 0:11:16]} 42. e5 {[%emt 0:03:30]} Bh6 {[%emt 0:04:23]} 43. Nxg6 {[%emt 0:04:30]} f5 {[%emt 0:00:52]} 44. Ne7 {[%emt 0:00:30]} Bxf4+ {[%emt 0:00:31]} 45. Kh1 {[%emt 0:01:30]} Nxe5 {[%emt 0:01:16]} 46. Qf1 {[%emt 0:09:30]} Bg3 {[%emt 0:04:11]} 47. Nb6 {[%emt 0:16:00]} Bd7 {[%emt 0:02:53]} 48. Nxd7 {[%emt 0:00:09]} Qxd7 {[%emt 0:00:18]} 49. Nxf5 {[%emt 0:00:00]} h4 {[%emt 0:01:23]} 50. Qe2 {[%emt 0:01:42]} Kg6 {[%emt 0:03:42]} 51. Be4 {[%emt 0:02:24]} Kf6 {[%emt 0:00:24]} 52. Qxa6 {[%emt 0:02:49]} Nf7 {[%emt 0:01:16]} 53. Qf1 {[%emt 0:01:19]} Kg5 {[%emt 0:01:13]} 54. Qc1+ {[%emt 0:04:30]} Kf6 {[%emt 0:00:22]} 55. Qf1 {[%emt 0:01:48]} Kg5 {[%emt 0:00:30]} 56. Qf3 {[%emt 0:00:00]} Nxd6 {[%emt 0:01:04]} 57. Qg4+ {[%emt 0:01:14]} Kf6 {[%emt 0:00:01]} 58. Nxd6 {[%emt 0:00:34]} Qxg4 {[%emt 0:00:48]} 59. hxg4 {[%emt 0:00:30]} Bxd6 {[%emt 0:00:00]} 60. Kg2 {[%emt 0:00:18]} Kg5 {[%emt 0:00:11]} 61. Kh3 {[%emt 0:00:30]} Be5 {[%emt 0:00:00]} 1/2-1/2

[Event "World Junior U20 Girls 2018"]
[Site "Gebze"]
[Date "2018.09.10"]
[Round "6"]
[White "Alinasab, Mobina"]
[Black "Tokhirjonova, Gulrukhbegim"]
[Result "1/2-1/2"]
[WhiteElo "2261"]
[BlackElo "2369"]
[Annotator "ChessBase"]
[PlyCount "149"]
[EventDate "2018.09.05"]
[EventType "swiss"]
[EventCountry "TUR"]
[SourceTitle "playchess.com"]
[Source "ChessBase"]
[SourceQuality "1"]
[TimeControl "40/5400+30:1800+30"]

1. e4 {[%emt 0:00:30]} e5 {[%emt 0:01:30]} 2. Nf3 {[%emt 0:00:00]} Nc6 {[%emt 0:00:30]} 3. Bb5 {[%emt 0:00:00]} Nf6 {[%emt 0:00:30]} 4. O-O {[%emt 0:02:30]} Nxe4 {[%emt 0:01:30]} 5. Re1 {[%emt 0:01:30]} Nd6 {[%emt 0:00:30]} 6. Nxe5 {[%emt 0:01:30]} Be7 {[%emt 0:00:30]} 7. Bf1 {[%emt 0:00:00]} Nxe5 {[%emt 0:00:30]} 8. Rxe5 {[%emt 0:00:00]} O-O {[%emt 0:00:30]} 9. d4 {[%emt 0:00:30]} Ne8 {[%emt 0:04:30]} 10. c3 {[%emt 0:04:30]} d5 {[%emt 0:01:30]} 11. Nd2 {[%emt 0:00:30]} Bd6 {[%emt 0:01:30]} 12. Re1 {[%emt 0:01:30]} Nf6 {[%emt 0:02:30]} 13. h3 {[%emt 0:00:30]} Bf5 {[%emt 0:03:30]} 14. Nf3 {[%emt 0:04:30]} Ne4 {[%emt 0:03:30]} 15. Bd3 {[%emt 0:00:30]} Re8 {[%emt 0:06:30]} 16. Be3 {[%emt 0:18:30]} c6 {[%emt 0:04:30]} 17. Qc2 {[%emt 0:12:30]} Bg6 {[%emt 0:01:30]} 18. c4 {[%emt 0:14:30]} Bc7 {[%emt 0:10:30]} 19. Ne5 {[%emt 0:15:30]} Bxe5 {[%emt 0:06:30]} 20. dxe5 {[%emt 0:00:30]} Rxe5 {[%emt 0:00:30]} 21. Rad1 {[%emt 0:02:25]} Nf6 {[%emt 0:06:30]} 22. Qc3 {[%emt 0:06:07]} Re6 {[%emt 0:05:30]} 23. Bf1 {[%emt 0:06:38]} Qd7 {[%emt 0:02:30]} 24. Bd4 {[%emt 0:01:38]} Rae8 {[%emt 0:05:30]} 25. Rxe6 {[%emt 0:01:50]} Qxe6 {[%emt 0:03:30]} 26. Bxa7 {[%emt 0:03:35]} Bh5 {[%emt 0:00:30]} 27. f3 {[%emt 0:00:33]} Qd6 {[%emt 0:05:30]} 28. cxd5 {[%emt 0:00:36]} Nxd5 {[%emt 0:00:30]} 29. Qb3 {[%emt 0:00:04]} Qc7 {[%emt 0:02:02]} 30. Bf2 {[%emt 0:00:06]} f6 {[%emt 0:02:55]} 31. a3 {[%emt 0:00:39]} Bf7 {[%emt 0:00:41]} 32. Qd3 {[%emt 0:00:14]} Qe5 {[%emt 0:07:13]} 33. Qd2 {[%emt 0:00:24]} Qf4 {[%emt 0:01:56]} 34. Qxf4 {[%emt 0:00:30]} Nxf4 {[%emt 0:00:52]} 35. Rd7 {[%emt 0:01:02]} b5 {[%emt 0:00:10]} 36. Rd2 {[%emt 0:01:06]} Ng6 {[%emt 0:03:37]} 37. Rc2 {[%emt 0:00:17]} Bd5 {[%emt 0:00:21]} 38. Rc5 {[%emt 0:00:23]} Nf4 {[%emt 0:01:38]} 39. Rc2 {[%emt 0:00:25]} Kf7 {[%emt 0:00:40]} 40. Bg3 {[%emt 0:01:13]} Ne6 {[%emt 0:00:00]} 41. Rd2 {[%emt 0:00:45]} Rd8 {[%emt 0:03:25]} 42. Bf2 {[%emt 0:07:30]} f5 {[%emt 0:03:30]} 43. Bb6 {[%emt 0:01:30]} Rb8 {[%emt 0:01:30]} 44. Ba5 {[%emt 0:00:30]} g6 {[%emt 0:03:30]} 45. Kf2 {[%emt 0:01:30]} h5 {[%emt 0:03:30]} 46. Bb4 {[%emt 0:05:13]} Rd8 {[%emt 0:01:30]} 47. Ba5 {[%emt 0:00:57]} Rb8 {[%emt 0:01:53]} 48. Bb4 {[%emt 0:00:19]} Rb7 {[%emt 0:02:45]} 49. Be2 {[%emt 0:00:36]} Bb3 {[%emt 0:01:00]} 50. Bc3 {[%emt 0:01:10]} Ke7 {[%emt 0:01:02]} 51. Be5 {[%emt 0:01:56]} Bd5 {[%emt 0:00:58]} 52. Bc3 {[%emt 0:02:00]} Kd6 {[%emt 0:00:39]} 53. Bd1 {[%emt 0:00:32]} Rd7 {[%emt 0:06:08]} 54. h4 {[%emt 0:02:49]} c5 {[%emt 0:01:47]} 55. Bc2 {[%emt 0:04:51]} Kc6 {[%emt 0:00:01]} 56. Bd1 {[%emt 0:03:30]} Rb7 {[%emt 0:00:41]} 57. g4 {[%emt 0:00:37]} Rf7 {[%emt 0:04:41]} 58. gxh5 {[%emt 0:01:13]} gxh5 {[%emt 0:00:30]} 59. Bc2 {[%emt 0:00:30]} Rf8 {[%emt 0:00:30]} 60. Re2 {[%emt 0:00:44]} Nf4 {[%emt 0:01:56]} 61. Re7 {[%emt 0:01:10]} Ng6 {[%emt 0:03:04]} 62. Rh7 {[%emt 0:00:53]} Nxh4 {[%emt 0:00:08]} 63. Rh6+ {[%emt 0:00:00]} Kb7 {[%emt 0:00:49]} 64. Rxh5 {[%emt 0:00:46]} Nxf3 {[%emt 0:00:08]} 65. Rxf5 {[%emt 0:00:59]} Rxf5 {[%emt 0:00:30]} 66. Bxf5 {[%emt 0:00:00]} Kc6 {[%emt 0:00:18]} 67. Ke3 {[%emt 0:00:00]} Ng5 {[%emt 0:00:00]} 68. Bf6 {[%emt 0:01:10]} Nf7 {[%emt 0:00:02]} 69. Bg6 {[%emt 0:00:11]} Nd6 {[%emt 0:00:35]} 70. Bd3 {[%emt 0:00:11]} Bc4 {[%emt 0:00:00]} 71. Be4+ {[%emt 0:00:36]} Bd5 {[%emt 0:00:38]} 72. Bd3 {[%emt 0:00:30]} Bc4 {[%emt 0:00:00]} 73. Be4+ {[%emt 0:00:00]} Bd5 {[%emt 0:00:19]} 74. Bd3 {[%emt 0:00:00]} Bc4 {[%emt 0:00:25]} 75. Be4+ {[%emt 0:00:13]} 1/2-1/2

[Event "World Junior U20 Girls 2018"]
[Site "Gebze"]
[Date "2018.09.10"]
[Round "6"]
[White "Diakonova, Ekaterina"]
[Black "Bai, Xue"]
[Result "1-0"]
[WhiteElo "2243"]
[BlackElo "2073"]
[Annotator "NA"]
[PlyCount "101"]
[EventDate "2018.09.05"]
[EventType "swiss"]
[EventCountry "TUR"]
[SourceTitle "playchess.com"]
[Source "ChessBase"]
[SourceQuality "1"]
[TimeControl "40/5400+30:1800+30"]

1. e4 {[%emt 0:00:30]} e5 {[%emt 0:00:30]} 2. Nf3 {[%emt 0:00:30]} Nc6 {[%emt 0:00:30]} 3. Bb5 {[%emt 0:00:00]} a6 {[%emt 0:00:00]} 4. Ba4 {[%emt 0:00:00]} Nf6 {[%emt 0:00:00]} 5. O-O {[%emt 0:00:30]} Be7 {[%emt 0:00:00]} 6. Re1 {[%emt 0:00:00]} b5 {[%emt 0:00:00]} 7. Bb3 {[%emt 0:00:00]} O-O {[%emt 0:00:00]} 8. h3 {[%emt 0:00:00]} d6 {[%emt 0:00:00]} 9. c3 {[%emt 0:00:00]} Na5 {[%emt 0:00:30]} 10. Bc2 {[%emt 0:00:00]} c5 {[%emt 0:00:30]} 11. d4 {[%emt 0:00:00]} Qc7 {[%emt 0:00:00]} 12. Nbd2 {[%emt 0:00:00]} Bd7 {[%emt 0:01:00]} 13. Nf1 {[%emt 0:00:00]} cxd4 {[%emt 0:00:30]} 14. cxd4 {[%emt 0:00:00]} Nc6 {[%emt 0:00:00]} 15. Ne3 {[%emt 0:04:00] C99: Spanische Partie (Tschigorin-System)} (15. Be3 a5 16. Rc1 Qb7 17. a3 a4 18. Qe2 Rfe8 19. Bd3 Bd8 20. dxe5 Nxe5 21. Nxe5 dxe5 22. Bc5 Bb6 23. Bxb5 {1-0 (35) Vocaturo,D (2588)-Bellia,F (2452) Milan 2015}) 15... Rfe8 {[%emt 0:08:00]} 16. Bb3 {[%emt 0:05:30]} exd4 $146 {[%emt 0:07:30]} ({Vorgänger:} 16... Bf8 17. Nd5 Nxd5 18. Bxd5 h6 19. Be3 Rac8 20. Qb3 Nd8 21. Rec1 Qa5 22. Rxc8 Bxc8 23. Qc2 Be6 24. Bxe6 Rxe6 25. a3 exd4 26. Nxd4 Re7 27. Rc1 b4 28. axb4 Qxb4 29. Qc8 {1-0 (29) Somborski,N (2342)-Jovanovic,M (2192) Kac 2012}) 17. Nxd4 {[%emt 0:05:30]} Nxd4 {[%emt 0:00:30]} 18. Qxd4 {[%emt 0:00:00]} Be6 {[%emt 0:00:30]} 19. Bd2 {[%emt 0:11:00]} Qc5 {[%emt 0:06:30]} 20. Qxc5 {[%emt 0:10:30]} dxc5 {[%emt 0:00:30]} 21. Bxe6 {[%emt 0:00:30]} fxe6 {[%emt 0:00:30]} 22. Ng4 {[%emt 0:00:00]} Nxg4 {[%emt 0:00:30]} 23. hxg4 {[%emt 0:02:00]} Rad8 {[%emt 0:00:30]} 24. Rad1 {[%emt 0:10:30]} b4 {[%emt 0:04:30]} 25. b3 {[%emt 0:05:30] [#]} c4 $1 {[%emt 0:04:30]} 26. bxc4 {[%emt 0:05:30]} Rd4 {[%emt 0:00:30]} 27. Bf4 {[%emt 0:03:30]} Rxc4 {[%emt 0:00:30]} 28. Rd7 {[%emt 0:00:00]} Rc2 {[%emt 0:00:30]} 29. Rb7 {[%emt 0:02:00]} Bc5 {[%emt 0:15:30]} 30. Be3 {[%emt 0:01:30]} Bxe3 {[%emt 0:02:30]} 31. Rxe3 {[%emt 0:00:30]} Rf8 {[%emt 0:00:30]} 32. f3 $17 {[%emt 0:04:30]} (32. Rd3 $11 {keeps the balance.}) 32... Rd8 {[%emt 0:00:30]} 33. f4 {[%emt 0:11:30]} Rdd2 {[%emt 0:10:30]} 34. Rg3 {[%emt 0:01:30]} Rc3 {[%emt 0:00:30]} 35. Rxc3 {[%emt 0:07:15]} bxc3 {[%emt 0:00:30]} 36. Rc7 {[%emt 0:00:00]} Rxa2 {[%emt 0:01:30]} 37. Rxc3 {[%emt 0:00:22]} Ra4 {[%emt 0:00:30]} 38. Re3 {[%emt 0:05:54]} a5 {[%emt 0:02:30]} 39. Kf2 {[%emt 0:00:12]} Rb4 {[%emt 0:00:00]} 40. Kf3 {[%emt 0:00:00]} a4 {[%emt 0:00:00]} 41. Rd3 {[%emt 0:01:47]} Rb3 {[%emt 0:19:30]} 42. Ke2 {[%emt 0:05:30]} Rxd3 {[%emt 0:01:30]} 43. Kxd3 {[%emt 0:00:30]} e5 {[%emt 0:00:30]} 44. f5 {[%emt 0:08:30]} h6 {[%emt 0:00:00]} 45. Kc4 {[%emt 0:06:00]} Kf7 {[%emt 0:00:00]} 46. g5 {[%emt 0:00:17]} hxg5 {[%emt 0:00:00]} 47. Kb4 {[%emt 0:01:09]} g6 {[%emt 0:07:00]} 48. fxg6+ {[%emt 0:00:43]} Kxg6 {[%emt 0:00:30]} 49. g4 {[%emt 0:00:30]} Kf7 {[%emt 0:00:30]} 50. Kxa4 {[%emt 0:00:00]} Ke6 {[%emt 0:01:30]} 51. Kb5 {[%emt 0:00:00]} 1-0

[Event "World Junior U20 Girls 2018"]
[Site "Gebze"]
[Date "2018.09.10"]
[Round "6"]
[White "Paramzina, Anastasya"]
[Black "Sliwicka, Alicja"]
[Result "1-0"]
[WhiteElo "2222"]
[BlackElo "2272"]
[Annotator "NA"]
[PlyCount "86"]
[EventDate "2018.09.05"]
[EventType "swiss"]
[EventCountry "TUR"]
[SourceTitle "playchess.com"]
[Source "ChessBase"]
[SourceQuality "1"]
[TimeControl "40/5400+30:1800+30"]

1. e4 {[%emt 0:02:30]} e5 {[%emt 0:00:30]} 2. Nf3 {[%emt 0:00:00]} Nc6 {[%emt 0:00:30]} 3. Bc4 {[%emt 0:00:00]} Nf6 {[%emt 0:00:30]} 4. d3 {[%emt 0:00:30]} Be7 {[%emt 0:00:00]} 5. O-O {[%emt 0:00:30]} O-O {[%emt 0:00:00]} 6. Re1 {[%emt 0:00:30]} d6 {[%emt 0:00:00]} 7. a4 {[%emt 0:00:00]} Kh8 {[%emt 0:00:00]} 8. h3 {[%emt 0:00:00] C55: Two Knights: 4 d3, 4 d4 exd4 5 e5 and Max Lange Attack} (8. Nc3 Ng8 9. Nd5 f5 10. h3 fxe4 11. dxe4 Nf6 12. a5 a6 13. Ra3 Be6 14. Nxf6 Bxc4 15. Nd5 Bb5 {½-½ (67) Caruana,F (2822)-Grischuk,A (2766) Saint Louis 2018}) 8... h6 {[%emt 0:00:00]} 9. Nc3 {[%emt 0:00:30]} Nh7 {[%emt 0:00:00]} 10. Nd5 {[%emt 0:02:30]} f5 {[%emt 0:00:30]} 11. b4 $146 {[%emt 0:07:30]} ({Predecessor:} 11. c3 fxe4 12. dxe4 Ng5 13. Nxg5 Bxg5 14. Qh5 Bxc1 15. Raxc1 Be6 {1-0 (46) Topic,J (1932)-Krivec,J (2345) Kozje 2008}) 11... f4 {[%emt 0:09:30]} 12. b5 {[%emt 0:01:30]} Nb8 {[%emt 0:10:30] [#]} 13. d4 $1 {[%emt 0:00:30]} Bf6 {[%emt 0:13:30]} 14. dxe5 {[%emt 0:07:30]} Bxe5 {[%emt 0:02:30]} (14... dxe5 $142 15. Ba3 Re8) 15. Nxe5 {[%emt 0:01:30]} dxe5 {[%emt 0:00:30]} 16. Ba3 {[%emt 0:00:30]} Re8 {[%emt 0:26:30]} 17. Ne7 {[%emt 0:06:30]} Ng5 {[%emt 0:06:30]} 18. Qxd8 {[%emt 0:23:30]} Rxd8 {[%emt 0:00:30]} 19. Rad1 {[%emt 0:01:30]} Re8 {[%emt 0:02:30]} 20. Nxc8 {[%emt 0:02:30]} Rxc8 {[%emt 0:00:30]} 21. h4 $18 {[%emt 0:00:30]} (21. Bb2 {[%emt 0:02:00]}) 21... Nh7 {[%emt 0:00:00]} 22. Be6 {[%emt 0:02:30]} Re8 {[%emt 0:00:00]} 23. Bf7 {[%emt 0:00:00]} Rc8 {[%emt 0:00:30]} 24. Bb2 {[%emt 0:01:00]} c6 {[%emt 0:02:30]} 25. Bxe5 {[%emt 0:01:30]} Rf8 {[%emt 0:01:30]} 26. Bb3 {[%emt 0:01:30]} cxb5 {[%emt 0:00:30]} 27. axb5 {[%emt 0:00:30]} a6 {[%emt 0:00:30]} 28. Bd6 {[%emt 0:01:30]} Re8 {[%emt 0:03:30]} 29. Bf7 {[%emt 0:00:30]} Rd8 {[%emt 0:00:30]} 30. e5 {[%emt 0:01:30]} axb5 {[%emt 0:09:13]} 31. e6 {[%emt 0:00:30]} Nc6 {[%emt 0:00:51]} 32. e7 {[%emt 0:00:30]} Re8 {[%emt 0:00:03]} 33. Ra1 {[%emt 0:02:30]} Rac8 {[%emt 0:01:32]} 34. Bxe8 {[%emt 0:01:30]} Rxe8 {[%emt 0:00:05]} 35. Ra8 {[%emt 0:00:30]} Nf6 {[%emt 0:00:30]} 36. Rxe8+ {[%emt 0:00:30]} Nxe8 {[%emt 0:00:00]} 37. Bxf4 {[%emt 0:00:00]} Kg8 {[%emt 0:00:02]} 38. Be3 {[%emt 0:01:00]} Kf7 {[%emt 0:01:26]} 39. Bc5 {[%emt 0:01:30]} Nb8 {[%emt 0:02:45]} 40. Ba3 {[%emt 0:00:00]} Na6 {[%emt 0:00:00]} 41. c3 {[%emt 0:05:00]} Nac7 {[%emt 0:01:33]} 42. Re5 {[%emt 0:00:30]} Kf6 {[%emt 0:01:30]} 43. f4 {[%emt 0:00:30]} g6 {[%emt 0:00:30]} 1-0

[Event "World Junior U20 Girls 2018"]
[Site "Gebze"]
[Date "2018.09.10"]
[Round "6"]
[White "Mahalakshmi, M."]
[Black "Unuk, Laura"]
[Result "1/2-1/2"]
[WhiteElo "2213"]
[BlackElo "2299"]
[Annotator "TA"]
[PlyCount "152"]
[EventDate "2018.09.05"]
[EventType "swiss"]
[EventCountry "TUR"]
[SourceTitle "playchess.com"]
[Source "ChessBase"]
[SourceQuality "1"]

{[%evp 9,152,18,38,24,32,19,44,41,35,31,9,0,14,-24,-24,-27,-27,-34,-36,-36,0,0,23,16,26,26,31,26,21,0,55,0,65,0,0,0,16,17,42,-12,-15,-15,-14,-16,0,0,0,-18,-20,-18,-13,-91,-81,-50,-46,-81,-99,-184,-43,-138,-137,-139,-117,-112,-112,-1399,-211,-223,-139,-130,-124,-240,-246,-337,-338,-941,-342,-483,-328,-452,-323,-326,-295,-292,-185,-191,-191,-197,-197,-197,-197,-175,-168,-150,-126,-126,-126,-126,-43,-43,0,-134,-104,-106,-106,-134,-134,-134,-134,-132,-135,-137,0,0,0,0,0,0,0,0,0,0,0,0,-3,-3,-4,-4,0,0,0,0,0,0,0,0,0,0,0,0,0,0,0,0,0]} 1. d4 Nf6 2. Nf3 d5 3. Bf4 c6 4. e3 Bg4 5. h3 (5. Nbd2 e6 6. h3 Bxf3 7. Nxf3 Bd6 8. Ne5 Qc7 9. Bh2 Nbd7 10. f4 O-O 11. Bd3 Ne4 12. Bxe4 dxe4 13. O-O f6 14. Nxd7 Qxd7 {½-½ (43) Krasenkow,M (2671)-L'Ami,E (2634) Wijk aan Zee 2018}) 5... Bh5 6. g4 {D02: 1 d4 d5 2 Nf3 sidelines, including 2...Nf6 3 g3 and 2...Nf6 3 Bf4} Bg6 7. Ne5 Qb6 8. Nd2 {White is slightly better.} Nbd7 $146 ({Predecessor:} 8... Qxb2 9. Nxg6 hxg6 10. Rb1 Qc3 11. Rxb7 Nbd7 12. Bg2 {0-1 (43) Just,G (2005)-Olbrich,M (2285) Germany 1995}) 9. Nxg6 hxg6 10. Nb3 e6 11. Bd3 c5 12. dxc5 Nxc5 13. Nxc5 Bxc5 14. Be5 Rh4 15. Qf3 Ke7 16. O-O-O Rc8 17. Bg3 Rhh8 18. h4 Bd6 19. h5 g5 (19... Bxg3 $11 20. Qxg3 gxh5 21. gxh5 Rxh5) 20. Qg2 (20. Kb1 $14) 20... Nd7 (20... Rhd8 $11) 21. Rhf1 (21. Bxd6+ $14 Qxd6 22. Kb1) 21... Nc5 22. Bxd6+ Qxd6 23. f4 Na4 24. Bb5 {[#]} (24. Qd2 $14) 24... Nxb2 $1 $11 {[%mdl 512]} 25. Kxb2 Qb4+ 26. Ka1 Qc3+ 27. Kb1 Qb4+ 28. Ka1 Qxb5 29. Rb1 $1 {[%cal Rb1b5]} Qc6 30. fxg5 (30. c4 $1 $11 {remains equal.}) 30... b6 31. Rb2 Qc3 32. Qf2 Rhf8 33. Kb1 (33. Qe2 $17) 33... Rc4 (33... f5 $1 $19 {[%cal Rf5g4]} 34. Rc1 fxg4) 34. Qg3 (34. Qe2 $1 $15) 34... d4 $17 35. h6 dxe3 {aiming for ...e2.} 36. hxg7 Rg8 $1 $40 {[%mdl 128] Black attacks with force.} 37. Re1 $2 {[%mdl 8192] [#]} (37. Qf3 $17 Rxg7 38. g6) 37... Rxg7 $2 (37... Rxg4 $1 {[%mdl 512]} 38. Rb3 (38. Qxg4 Qxe1+) 38... Qxb3+ $1 {[%mdl 512]} 39. axb3 Rxg3) 38. Rxe3 $19 Qd4 {[%cal Rd4d1]} 39. Rd3 Qf4 40. Qg2 (40. Qxf4 $17 {might work better.} Rxf4 41. Rb5) 40... Rxg5 41. Ra3 Rc7 42. Rg3 $2 (42. Qh1) 42... Rd7 $2 (42... Re5 {[%cal Re5e1]} 43. a3 Re1+ 44. Ka2 Qc4+ 45. Rgb3 Rd7) 43. a3 (43. Rd3 $142) 43... Rd1+ 44. Ka2 Qc4+ 45. Rbb3 Rc5 {Hoping for ...Qf4.} 46. Rgc3 Qxc3 47. Rxc3 Rxc3 {[%mdl 4096] Endgame KQ-KRR} 48. Kb2 Rc5 49. g5 Rd7 50. g6 fxg6 51. Qxg6 e5 52. Qg7+ Kd6 53. Qf8+ Kd5 ({Black should play} 53... Kc7 $17 54. Qa8 Ra5) 54. Qg8+ $15 Kd6 (54... Kc6 $15 55. Qa8+ Kd6) 55. Qf8+ $1 $17 Re7 56. Qd8+ {[#]} Ke6 $1 57. Qg8+ Kd7 58. Qa8 Ra5 59. Qb7+ Kd6 60. Qb8+ Rc7 (60... Kc6 $17 61. Qc8+ Rc7 62. Qa8+ Kd7) 61. Qf8+ $1 $11 {The position is equal.} Kc6 62. Qf3+ Kd7 63. Qf5+ Kd6 {Strongly threatening ...Rac5.} 64. Qf6+ Kd5 {And now ...Rac5 would win.} 65. Qf3+ Ke6 {White must now prevent ...Rac5.} 66. Qg4+ Kd6 {...Rac5 is the strong threat.} 67. Qg6+ Kc5 68. Qe6 b5 (68... Kb5 {with more complications.} 69. Qxe5+ Rc5 70. Qe2+ Kc6 71. a4 Re5) 69. Qxe5+ Kb6 70. Qd6+ Kb7 71. Qd5+ Kb6 72. Qd6+ Rc6 73. Qd8+ Ka6 74. Qd7 {[%cal Rd7c6]} Kb6 {White should prevent ...Ra4.} 75. Qd8+ Ka6 76. Qd7 {[%cal Rd7c6]} Kb6 {Precision: White = 55%, Black = 51%.} 1/2-1/2

[Event "World Junior U20 Girls 2018"]
[Site "Gebze"]
[Date "2018.09.10"]
[Round "6"]
[White "Caglar, Sila"]
[Black "Isha Sharma"]
[Result "0-1"]
[WhiteElo "2208"]
[BlackElo "2012"]
[Annotator "NA"]
[PlyCount "86"]
[EventDate "2018.09.05"]
[EventType "swiss"]
[EventCountry "TUR"]
[SourceTitle "playchess.com"]
[Source "ChessBase"]
[SourceQuality "1"]
[TimeControl "40/5400+30:1800+30"]

1. e4 {[%emt 0:00:30]} e6 {[%emt 0:00:30]} 2. d4 {[%emt 0:00:30]} d5 {[%emt 0:00:30]} 3. Nd2 {[%emt 0:00:30]} c5 {[%emt 0:00:00]} 4. exd5 {[%emt 0:00:00]} Qxd5 {[%emt 0:00:00]} 5. dxc5 {[%emt 0:00:00]} Qxc5 {[%emt 0:00:30]} 6. Ngf3 {[%emt 0:00:30]} Nf6 {[%emt 0:00:30]} 7. Bc4 {[%emt 0:12:30]} Bd6 {[%emt 0:04:30]} 8. Qe2 {[%emt 0:02:30]} O-O {[%emt 0:01:30]} 9. Nb3 {[%emt 0:01:30]} Qc7 {[%emt 0:00:00]} 10. Bg5 {[%emt 0:12:30]} Nbd7 {[%emt 0:24:00]} 11. O-O-O {[%emt 0:06:30]} Nb6 {[%emt 0:04:30]} 12. Bd3 {[%emt 0:02:30]} Nbd5 {[%emt 0:01:30]} 13. g3 {[%emt 0:06:30]} h6 {[%emt 0:05:30]} 14. Bxf6 {[%emt 0:06:30]} Nxf6 {[%emt 0:00:30]} 15. Nfd4 {[%emt 0:00:30]} a6 {[%emt 0:00:30]} 16. Kb1 {[%emt 0:09:30]} Re8 {[%emt 0:03:30]} 17. Nd2 $15 {[%emt 0:10:30]} Bf8 {[%emt 0:08:30]} 18. Ne4 {[%emt 0:03:30]} Nd5 {[%emt 0:01:30]} 19. c4 {[%emt 0:10:33]} Nb4 {[%emt 0:05:30]} 20. g4 {[%emt 0:02:02]} Rd8 {[%emt 0:10:30]} 21. Bc2 {[%emt 0:02:34]} e5 {[%emt 0:02:30]} 22. Nf5 {[%emt 0:00:40]} Be6 {[%emt 0:02:30]} 23. Ne3 {[%emt 0:02:19]} Rd4 {[%emt 0:00:30]} 24. Rxd4 {[%emt 0:02:54]} exd4 {[%emt 0:00:30]} 25. Nd5 {[%emt 0:00:28]} Bxd5 {[%emt 0:03:09]} 26. cxd5 {[%emt 0:00:10]} Nxc2 {[%emt 0:02:05]} 27. Qxc2 {[%emt 0:00:21]} Qe5 {[%emt 0:00:24]} 28. f3 {[%emt 0:03:18]} Qxd5 {[%emt 0:00:06]} 29. Qd3 {[%emt 0:00:00]} Rd8 {[%emt 0:02:01]} 30. Rd1 {[%emt 0:00:47]} Qe5 {[%emt 0:01:00]} 31. Ng3 {[%emt 0:01:27]} g6 {[%emt 0:00:30]} 32. Qe4 {[%emt 0:00:45]} Bg7 {[%emt 0:01:00]} 33. Re1 {[%emt 0:00:39]} Qb5 {[%emt 0:01:11]} 34. Qe2 {[%emt 0:00:28]} d3 {[%emt 0:00:43]} 35. Qd2 {[%emt 0:00:09]} a5 {[%emt 0:05:12]} 36. Ne4 {[%emt 0:00:53]} a4 {[%emt 0:00:31]} 37. a3 {[%emt 0:00:46]} Qb3 {[%emt 0:00:32]} 38. Nc5 {[%emt 0:00:12]} Qb5 {[%emt 0:00:36]} 39. Qb4 {[%emt 0:00:31]} d2 {[%emt 0:01:31]} 40. Rd1 {[%emt 0:00:00]} Qe2 {[%emt 0:00:00]} 41. Qxa4 {[%emt 0:09:34]} Qxf3 {[%emt 0:01:59]} 42. Kc2 {[%emt 0:03:48]} Rc8 {[%emt 0:07:30]} 43. Qb5 {[%emt 0:00:47]} Qe3 {[%emt 0:01:30]} 0-1